000 00287nam a22001337a 4500
008 181022b xxu||||| |||| 00| 0 eng d
020 _a1748381118004
041 _aeng
080 _a316
100 _a50
101 _asoc
245 _aWho Built America
_cGutman.h
942 _2udc
_cBK
999 _c50349
_d50349